Systems of political science (Record no. 9682)

MARC details
000 -LEADER
fixed length control field 00767nam a2200253 4500
001 - CONTROL NUMBER
control field 3120363
005 - DATE AND TIME OF LATEST TRANSACTION
control field 20260507152816.0
008 - FIXED-LENGTH DATA ELEMENTS--GENERAL INFORMATION
fixed length control field 680301s1968 njua b 000 0 eng
010 ## - LIBRARY OF CONGRESS CONTROL NUMBER
LC control number 68010656
035 ## - SYSTEM CONTROL NUMBER
System control number 3120363
040 ## - CATALOGING SOURCE
Transcribing agency IRDP
050 00 - LIBRARY OF CONGRESS CALL NUMBER
Classification number JA74
Item number .Y68
082 00 - DEWEY DECIMAL CLASSIFICATION NUMBER
Classification number 320
100 1# - MAIN ENTRY--PERSONAL NAME
Personal name Young, Oran R.
245 10 - TITLE STATEMENT
Title Systems of political science
Statement of responsibility, etc. [by] Oran R. Young.
260 ## - PUBLICATION, DISTRIBUTION, ETC. (IMPRINT)
Place of publication, distribution, etc. Englewood Cliffs, N.J.,
Name of publisher, distributor, etc. Prentice-Hall
Date of publication, distribution, etc. [1968]
300 ## - PHYSICAL DESCRIPTION
Extent xiii, 113 p.
Other physical details illus.
Dimensions 24 cm.
490 0# - SERIES STATEMENT
Series statement Foundations of modern political science series
504 ## - BIBLIOGRAPHY, ETC. NOTE
Bibliography, etc Bibliography: p. 107-108.
650 #0 - SUBJECT ADDED ENTRY--TOPICAL TERM
Topical term or geographic name as entry element Political science.
906 ## - LOCAL DATA ELEMENT F, LDF (RLIN)
a 7
b cbc
c orignew
d u
e ncip
f 19
g y-gencatlg
942 ## - ADDED ENTRY ELEMENTS (KOHA)
Source of classification or shelving scheme Dewey Decimal Classification
Koha item type BOOKS
Holdings
Withdrawn status Lost status Source of classification or shelving scheme Damaged status Not for loan Home library Current library Shelving location Date acquired Total Checkouts Full call number Barcode Date last seen Price effective from Koha item type
    Dewey Decimal Classification     Dodoma Dodoma Ground Floor 07/05/2026   320 YOU LIB003544 07/05/2026 07/05/2026 BOOKS

IRDP © 2021 :: Managed by ICT Team